سلام دیارِ وطن : (Record no. 106554)

MARC details
000 -LEADER
fixed length control field 00894nam a22002537a 4500
005 - DATE AND TIME OF LATEST TRANSACTION
control field 20170123162313.0
010 ## - LIBRARY OF CONGRESS CONTROL NUMBER
LC control number B-029187
020 ## - INTERNATIONAL STANDARD BOOK NUMBER
Terms of availability 125.00
International Standard Book Number 8185785295
035 ## - SYSTEM CONTROL NUMBER
System control number B-029187
037 ## - SOURCE OF ACQUISITION
Source of stock number/acquisition Cen Lib/Ret
040 ## - CATALOGING SOURCE
Original cataloging agency DPL
Language of cataloging UR
082 ## - DEWEY DECIMAL CLASSIFICATION NUMBER
Classification number 910.4
Item number س ه گ
100 ## - MAIN ENTRY--PERSONAL NAME
Personal name سہگل، چرنجیت لال
9 (RLIN) 107824
245 ## - TITLE STATEMENT
Title سلام دیارِ وطن :
Statement of responsibility, etc چرنجیت لال سہگل
Remainder of title سفرنامہ پاکستانی مقبوضہ کشمیر /
246 ## - VARYING FORM OF TITLE
Title proper/short title Salam dyar-e-wattan
Remainder of title by Chiranjit Lal Sehgal
260 ## - PUBLICATION, DISTRIBUTION, ETC. (IMPRINT)
Name of publisher, distributor, etc ادارہ فکرے جدید
Place of publication, distribution, etc نیی دہلی
Date of publication, distribution, etc 2000
270 ## - ADDRESS
City نیی دہلی
Address 922, کچہ روہللہ خان دریاگنج
Postal code 110002
300 ## - PHYSICAL DESCRIPTION
Extent 95p.
Dimensions 21cm(Hb)
650 ## - SUBJECT ADDED ENTRY--TOPICAL TERM
Topical term or geographic name as entry element اسلام
9 (RLIN) 113176
650 ## - SUBJECT ADDED ENTRY--TOPICAL TERM
Topical term or geographic name as entry element قران
9 (RLIN) 536
650 ## - SUBJECT ADDED ENTRY--TOPICAL TERM
Topical term or geographic name as entry element Islam
9 (RLIN) 5289
650 ## - SUBJECT ADDED ENTRY--TOPICAL TERM
Topical term or geographic name as entry element Quraan
9 (RLIN) 113177
942 ## - ADDED ENTRY ELEMENTS (KOHA)
Source of classification or shelving scheme Dewey Decimal Classification
Koha item type Urdu Bks
Classification part 910.4
Call number suffix س ه گ
Holdings
Withdrawn status Lost status Damaged status Not for loan Home library Current library Date acquired Source of acquisition Cost, normal purchase price Total Checkouts Full call number Barcode Date last seen Copy number Cost, replacement price Price effective from Koha item type
        Central Library Central Library 23/12/2015 Cen Lib/Ret 125.00   910.4 س ه گ B-029187 23/12/2015 1 125.00 23/12/2015 Urdu Bks

© Delhi Public Library
Hit Counter
free hit counter